[Event "26th Speed Chess Open, Aubervilliers FR"]
[Site "?"]
[Date "2001.??.??"]
[Round "?"]
[White "Georgiev, Ki"]
[Black "Chabanon, JL."]
[Result "1/2-1/2"]
[WhiteElo "2675"]
[BlackElo "2460"]
[PlyCount "314"]
[EventDate "2001.??.??"]
[Source "www.chesslib.no"]
[SourceDate "2004.05.04"]

1. c4 Nf6 2. Nc3 c5 3. Nf3 g6 4. d4 cxd4 5. Nxd4 Bg7 6. e4 d6 7. Be2 O-O 8. O-O Nc6 9. Be3 Bd7 10. Nc2 a6 11. f3 Rb8 12. Qd2 Ne5 13. a4 Rc8 14. b3 Qc7 15. a5 e6 16. Bb6 Qb8 17. Rad1 Bc6 18. Qxd6 Qxd6 19. Rxd6 Ned7 20. Be3 Ne8 21. Rd3 Ne5 22. Rdd1 Nxc4 23. Bxc4 Bxc3 24. Bc5 Bxe4 25. Bxf8 Bxc2 26. Rc1 Kxf8 27. Rxc2 Bxa5 28. Rd1 Ke7 29. Bd3 Rxc2 30. Bxc2 Nd6 31. Bd3 f5 32. f4 Bb6+ 33. Kf1 Be3 34. g3 g5 35. fxg5 Bxg5 36. g4 fxg4 37. Bxh7 Nf5 38. Re1 Kf6 39. Bg8 e5 40. Kg1 Be3+ 41. Kh1 g3 42. hxg3 Nxg3+ 43. Kg2 Nf5 44. Kf3 Bd4 45. Ke4 Ng3+ 46. Kd5 a5 47. Kc4 b6 48. Bh7 Kg5 49. Bd3 Kf4 50. Kd5 Bc3 51. Rc1 Bd4 52. Bg6 Ke3 53. Kc4 Kf4 54. Kd3 Bc5 55. Rc4+ Bd4 56. Be8 Ne4 57. b4 axb4 58. Rxb4 Nd6 59. Bg6 Kf3 60. Rb1 Bf2 61. Bh5+ Kg3 62. Ke2 e4 63. Rb3+ e3 64. Rxb6 Nf5 65. Rb4 Kh2 66. Bf3 Ng3+ 67. Kd3 Kg1 68. Rb1+ Kh2 69. Rd1 Bg1 70. Ra1 Bf2 71. Rb1 Bg1 72. Rb2+ Bf2 73. Rb7 Kg1 74. Rh7 Kf1 75. Re7 Kg1 76. Re8 Kh2 77. Kc2 Kg1 78. Kd3 Kh2 79. Rg8 Kg1 80. Be2 Kg2 81. Rg6 Kg1 82. Rf6 Kg2 83. Bf3+ Kg1 84. Ra6 Kh2 85. Ra1 Bg1 86. Rb1 Bf2 87. Be2 Nxe2 88. Kxe2 Kg3 89. Rb4 Bg1 90. Re4 Bf2 91. Re8 Kf4 92. Kd3 Kf5 93. Ke2 Kf6 94. Kf3 Kf7 95. Re4 Bg1 96. Kf4 Kf6 97. Kg4 Bf2 98. Kf3 Bg1 99. Kg2 Bf2 100. Kf3 Bg1 101. Ke2 Bf2 102. Kd3 Bg1 103. Rg4 Bf2 104. Rg2 Kf5 105. Rg8 Kf6 106. Rf8+ Ke7 107. Rf5 Ke6 108. Rf3 Ke5 109. Rf8 Ke6 110. Rf3 Ke5 111. Ke2 Ke4 112. Rf8 Ke5 113. Ra8 Kd5 114. Ra4 Ke5 115. Kf3 Kd5 116. Ra2 Kd4 117. Ke2 Kd5 118. Ra4 Kc5 119. Kd3 Kb5 120. Re4 Kc5 121. Re5+ Kd6 122. Re8 Kd5 1 3. Re4 Kd6 124. Kc4 Bg1 125. Re8 Bf2 126. Kd3 Bg1 127. Ke2 Bf2 128. Kf3 Kd5 129. Re4 Kd6 130. Kf4 Kd5 131. Kf5 Kd6 132. Re5 Bg1 133. Re8 Bf2 134. Kf4 Bg1 135. Kf3 Bf2 136. Ke2 Bg1 137. Kd3 Bf2 138. Kc4 Kd7 139. Re4 Kd6 140. Kd3 Kd5 141. Re8 Kd6 142. Re4 Kd5 143. Re8 Kd6 144. Ke2 Kd5 145. Kf3 Kd6 146. Re4 Kd5 147. Re8 Kd6 148. Ke2 Kd5 149. Kd3 Kd6 150. Re4 Kd5 151. Re8 Kd6 152. Kc4 Kd7 153. Re4 Kd6 154. Re8 Kd7 155. Re4 Kd6 156. Kd3 Kd5 157. Re8 Kd6 1/2-1/2